<?xml version="1.0" encoding="UTF-8"?>
<record
    xmlns:xsi="http://www.w3.org/2001/XMLSchema-instance"
    xsi:schemaLocation="http://www.loc.gov/MARC21/slim http://www.loc.gov/standards/marcxml/schema/MARC21slim.xsd"
    xmlns="http://www.loc.gov/MARC21/slim">

  <leader>00801nam a22001937a 4500</leader>
  <datafield tag="999" ind1=" " ind2=" ">
    <subfield code="c">194515</subfield>
    <subfield code="d">194515</subfield>
  </datafield>
  <controlfield tag="005">20230504113847.0</controlfield>
  <datafield tag="010" ind1=" " ind2=" ">
    <subfield code="a">B-748093-100             E.N.A./7.11.22</subfield>
  </datafield>
  <datafield tag="020" ind1=" " ind2=" ">
    <subfield code="a">9789390186556</subfield>
    <subfield code="c">565.00</subfield>
  </datafield>
  <datafield tag="035" ind1=" " ind2=" ">
    <subfield code="a">B-748093-100 </subfield>
  </datafield>
  <datafield tag="037" ind1=" " ind2=" ">
    <subfield code="b">Pragati Prakashan</subfield>
  </datafield>
  <datafield tag="082" ind1=" " ind2=" ">
    <subfield code="a">535</subfield>
  </datafield>
  <datafield tag="100" ind1=" " ind2=" ">
    <subfield code="a">Prakash, Satya</subfield>
  </datafield>
  <datafield tag="245" ind1=" " ind2=" ">
    <subfield code="a">Optics (with Lasers):</subfield>
    <subfield code="b">for three year degree course according to UGC syllabus of all Indian Universities/</subfield>
    <subfield code="c">Satya Prakash</subfield>
  </datafield>
  <datafield tag="260" ind1=" " ind2=" ">
    <subfield code="a">Meerut</subfield>
    <subfield code="b">Pragati Prakashan</subfield>
    <subfield code="c">2021</subfield>
  </datafield>
  <datafield tag="270" ind1=" " ind2=" ">
    <subfield code="a">Pragati Bhawan 240, W.K. Road</subfield>
    <subfield code="b">Meerut</subfield>
    <subfield code="e">250001</subfield>
  </datafield>
  <datafield tag="300" ind1=" " ind2=" ">
    <subfield code="a">819p.</subfield>
    <subfield code="c">24cm(pbk)</subfield>
  </datafield>
  <datafield tag="942" ind1=" " ind2=" ">
    <subfield code="2">ddc</subfield>
    <subfield code="c">EN</subfield>
    <subfield code="m">PRA</subfield>
    <subfield code="h">535</subfield>
  </datafield>
  <datafield tag="952" ind1=" " ind2=" ">
    <subfield code="0">0</subfield>
    <subfield code="1">0</subfield>
    <subfield code="4">0</subfield>
    <subfield code="7">0</subfield>
    <subfield code="8">NFIC</subfield>
    <subfield code="a">L</subfield>
    <subfield code="b">L</subfield>
    <subfield code="d">2023-05-04</subfield>
    <subfield code="e">Pragati Prakashan/2316/25.11.22/194/23.11.22/26.12.22</subfield>
    <subfield code="g">565.00</subfield>
    <subfield code="l">0</subfield>
    <subfield code="o">535 PRA</subfield>
    <subfield code="p">B-748093</subfield>
    <subfield code="r">2023-05-04 00:00:00</subfield>
    <subfield code="t">1</subfield>
    <subfield code="v">565.00</subfield>
    <subfield code="w">2023-05-04</subfield>
    <subfield code="y">EN</subfield>
  </datafield>
  <datafield tag="952" ind1=" " ind2=" ">
    <subfield code="0">0</subfield>
    <subfield code="1">0</subfield>
    <subfield code="4">0</subfield>
    <subfield code="7">0</subfield>
    <subfield code="8">NFIC</subfield>
    <subfield code="a">AV</subfield>
    <subfield code="b">AV</subfield>
    <subfield code="d">2023-05-04</subfield>
    <subfield code="e">Pragati Prakashan/2316/25.11.22/194/23.11.22/26.12.22</subfield>
    <subfield code="g">565.00</subfield>
    <subfield code="l">0</subfield>
    <subfield code="o">535 PRA</subfield>
    <subfield code="p">B-748094</subfield>
    <subfield code="r">2023-05-04 00:00:00</subfield>
    <subfield code="t">1</subfield>
    <subfield code="v">565.00</subfield>
    <subfield code="y">EN</subfield>
  </datafield>
  <datafield tag="952" ind1=" " ind2=" ">
    <subfield code="0">0</subfield>
    <subfield code="1">0</subfield>
    <subfield code="4">0</subfield>
    <subfield code="7">0</subfield>
    <subfield code="8">NFIC</subfield>
    <subfield code="a">BL1</subfield>
    <subfield code="b">BL1</subfield>
    <subfield code="d">2023-05-04</subfield>
    <subfield code="e">Pragati Prakashan/2316/25.11.22/194/23.11.22/26.12.22</subfield>
    <subfield code="g">565.00</subfield>
    <subfield code="l">1</subfield>
    <subfield code="o">535 PRA</subfield>
    <subfield code="p">B-748095</subfield>
    <subfield code="r">2023-10-26 00:00:00</subfield>
    <subfield code="s">2023-10-04</subfield>
    <subfield code="t">1</subfield>
    <subfield code="v">565.00</subfield>
    <subfield code="y">EN</subfield>
  </datafield>
  <datafield tag="952" ind1=" " ind2=" ">
    <subfield code="0">0</subfield>
    <subfield code="1">0</subfield>
    <subfield code="4">0</subfield>
    <subfield code="7">0</subfield>
    <subfield code="8">NFIC</subfield>
    <subfield code="a">ZLS</subfield>
    <subfield code="b">ZLS</subfield>
    <subfield code="d">2023-05-04</subfield>
    <subfield code="e">Pragati Prakashan/2316/25.11.22/194/23.11.22/26.12.22</subfield>
    <subfield code="g">565.00</subfield>
    <subfield code="l">0</subfield>
    <subfield code="o">535 PRA</subfield>
    <subfield code="p">B-748096</subfield>
    <subfield code="r">2023-05-04 00:00:00</subfield>
    <subfield code="t">1</subfield>
    <subfield code="v">565.00</subfield>
    <subfield code="y">EN</subfield>
  </datafield>
  <datafield tag="952" ind1=" " ind2=" ">
    <subfield code="0">0</subfield>
    <subfield code="1">0</subfield>
    <subfield code="4">0</subfield>
    <subfield code="7">0</subfield>
    <subfield code="8">NFIC</subfield>
    <subfield code="a">VP</subfield>
    <subfield code="b">VP</subfield>
    <subfield code="d">2023-05-04</subfield>
    <subfield code="e">Pragati Prakashan/2316/25.11.22/194/23.11.22/26.12.22</subfield>
    <subfield code="g">565.00</subfield>
    <subfield code="l">0</subfield>
    <subfield code="o">535 PRA</subfield>
    <subfield code="p">B-748097</subfield>
    <subfield code="r">2023-05-04 00:00:00</subfield>
    <subfield code="t">1</subfield>
    <subfield code="v">565.00</subfield>
    <subfield code="y">EN</subfield>
  </datafield>
  <datafield tag="952" ind1=" " ind2=" ">
    <subfield code="0">0</subfield>
    <subfield code="1">0</subfield>
    <subfield code="4">0</subfield>
    <subfield code="7">0</subfield>
    <subfield code="8">NFIC</subfield>
    <subfield code="a">BN</subfield>
    <subfield code="b">BN</subfield>
    <subfield code="d">2023-05-04</subfield>
    <subfield code="e">Pragati Prakashan/2316/25.11.22/194/23.11.22/26.12.22</subfield>
    <subfield code="g">565.00</subfield>
    <subfield code="l">0</subfield>
    <subfield code="o">535 PRA</subfield>
    <subfield code="p">B-748098</subfield>
    <subfield code="r">2023-05-04 00:00:00</subfield>
    <subfield code="t">1</subfield>
    <subfield code="v">565.00</subfield>
    <subfield code="y">EN</subfield>
  </datafield>
  <datafield tag="952" ind1=" " ind2=" ">
    <subfield code="0">0</subfield>
    <subfield code="1">0</subfield>
    <subfield code="4">0</subfield>
    <subfield code="7">0</subfield>
    <subfield code="8">NFIC</subfield>
    <subfield code="a">KV</subfield>
    <subfield code="b">KV</subfield>
    <subfield code="d">2023-05-04</subfield>
    <subfield code="e">Pragati Prakashan/2316/25.11.22/194/23.11.22/26.12.22</subfield>
    <subfield code="g">565.00</subfield>
    <subfield code="l">0</subfield>
    <subfield code="o">535 PRA</subfield>
    <subfield code="p">B-748099</subfield>
    <subfield code="r">2023-05-04 00:00:00</subfield>
    <subfield code="t">1</subfield>
    <subfield code="v">565.00</subfield>
    <subfield code="y">EN</subfield>
  </datafield>
  <datafield tag="952" ind1=" " ind2=" ">
    <subfield code="0">0</subfield>
    <subfield code="1">0</subfield>
    <subfield code="4">0</subfield>
    <subfield code="7">0</subfield>
    <subfield code="8">NFIC</subfield>
    <subfield code="a">BL4</subfield>
    <subfield code="b">BL4</subfield>
    <subfield code="d">2023-05-04</subfield>
    <subfield code="e">Pragati Prakashan/2316/25.11.22/194/23.11.22/26.12.22</subfield>
    <subfield code="g">565.00</subfield>
    <subfield code="l">5</subfield>
    <subfield code="o">535 PRA</subfield>
    <subfield code="p">B-748100</subfield>
    <subfield code="r">2024-06-06 00:00:00</subfield>
    <subfield code="s">2024-05-17</subfield>
    <subfield code="t">1</subfield>
    <subfield code="v">565.00</subfield>
    <subfield code="y">EN</subfield>
  </datafield>
</record>
